书目信息 |
| 题名: |
摄影测量学
|
|
| 作者: | 崔炳光 著 | |
| 分册: | ||
| 出版信息: | 北京 测绘出版社 1984 |
|
| 页数: | 509页 | |
| 开本: | 21cm | |
| 丛书名: | ||
| 单 册: | ||
| 中图分类: | P23 | |
| 科图分类: | ||
| 主题词: | 摄影测量法 | |
| 电子资源: | ||
| ISBN: | ||
| 000 | 00762nam0 2200265 45 | |
| 001 | 0184002523 | |
| 005 | 20040520152429.3 | |
| 010 | @dCNY2.10 | |
| 091 | @a15039.新330 | |
| 100 | @a19950620d1984 em y0chiy0121 ea | |
| 101 | 0 | @achi |
| 102 | @aCN@b110000 | |
| 105 | @ay z 000yy | |
| 106 | @ar | |
| 200 | 10 | @a摄影测量学@Ashe ying ce liang xue@e工程测量专业用@EGong Cheng Ce Liang Zhuan Ye Yong@f崔炳光著 |
| 210 | @a北京@c测绘出版社@d1984 | |
| 215 | @a509页@d21cm | |
| 300 | @a高等学校试用教材 | |
| 517 | @a工程测量专业用@AGong Cheng Ce Liang Zhuan Ye Yong | |
| 606 | @a摄影测量法 | |
| 690 | @aP23@v3 | |
| 701 | 0 | @a崔炳光@Acui bing guang@4著 |
| 801 | 0 | @aCN@b上海图书馆@c20040520 |
| 801 | 2 | @aCN@bNLC@c20040520 |
| 905 | @f2@b108926-927@dP23@e14 | |
| 摄影测量学:工程测量专业用/崔炳光著.-北京:测绘出版社,1984 |
| 509页;21cm |
| 高等学校试用教材 |
| ISBN :CNY2.10 |
| ● |
| 相关链接 |
|
|
|
|
正题名:摄影测量学
索取号:P23/14
 
预约/预借
| 序号 | 登录号 | 条形码 | 馆藏地/架位号 | 状态 | 备注 |
| 1 | 0108926 | 000072432 | 第三借阅区/ [索取号:P23/14] | 在馆 | |
| 2 | 0108927 | 000072423 | 第三借阅区/ [索取号:P23/14] | 在馆 | |
| 3 | 0108928 | 202105729 | 第二样本阅览室/ [索取号:P23/14] | 在馆 |